[Event "Benidorm - Aficionados sub-2000 2014"]
[Site "Benidorm ESP"]
[Date "2014.12.07"]
[Round "10.49"]
[White "Todic, Simo"]
[Black "Muro Turon, Raul"]
[Result "0-1"]
[WhiteElo "1791"]
[BlackElo "1877"]
[PlyCount "50"]
[EventDate "2014.11.28"]
[EventType "swiss"]
[EventRounds "10"]
[EventCountry "ESP"]
[SourceTitle "Ajedrez en Madrid"]
[Source "lmi"]
[SourceDate "2014.11.28"]

1. e4 e5 2. Bc4 Nf6 3. d3 Bc5 4. Nf3 d6 5. h3 c6 6. Bg5 Nbd7 7. O-O O-O 8. c3
a6 9. b4 Ba7 10. d4 Qc7 11. Re1 Nxe4 12. Bxf7+ Rxf7 13. Rxe4 d5 14. Re1 e4 15.
Nh2 Nf6 16. Nf1 Be6 17. Nbd2 Raf8 18. Bh4 Qf4 19. Bg3 Qg5 20. f3 Nh5 21. Kh2
Nxg3 22. Nxg3 Bb8 23. Ndf1 exf3 24. Rxe6 fxg2 25. Qd2 gxf1=N+ 0-1

[Event "Benidorm - Aficionados sub-2000 2014"]
[Site "Benidorm ESP"]
[Date "2014.12.07"]
[Round "10.50"]
[White "De La Fuente Ortega, Alberto"]
[Black "Voet, Dirk"]
[Result "1-0"]
[WhiteElo "1784"]
[BlackElo "1870"]
[PlyCount "65"]
[EventDate "2014.11.28"]
[EventType "swiss"]
[EventRounds "10"]
[EventCountry "ESP"]
[SourceTitle "Ajedrez en Madrid"]
[Source "lmi"]
[SourceDate "2014.11.28"]

1. d4 g6 2. Nf3 Bg7 3. c4 d6 4. Nc3 Nd7 5. g3 c5 6. Bg2 cxd4 7. Nxd4 Ngf6 8.
O-O O-O 9. b3 Re8 10. Bb2 a6 11. e3 Rb8 12. Qe2 Nc5 13. Rfd1 e5 14. Nc2 e4 15.
Nb4 Bg4 16. f3 exf3 17. Bxf3 Bxf3 18. Qxf3 Qa5 19. Nd3 Nfd7 20. b4 Nxd3 21.
bxa5 Nxb2 22. Rxd6 Ne5 23. Qf1 Nexc4 24. Rd7 f5 25. Rxg7+ Kxg7 26. Rc1 Nxe3 27.
Qf4 Nd3 28. Qd4+ Kh6 29. Qxd3 Rbd8 30. Qb1 Rd2 31. Re1 g5 32. Rxe3 Rxe3 33.
Qb6+ 1-0

[Event "Benidorm - Aficionados sub-2000 2014"]
[Site "Benidorm ESP"]
[Date "2014.12.07"]
[Round "10.55"]
[White "De La Peña Garcia, Blanca"]
[Black "Ramos Garcia, Miguel"]
[Result "1-0"]
[WhiteElo "1636"]
[BlackElo "1844"]
[PlyCount "34"]
[EventDate "2014.11.28"]
[EventType "swiss"]
[EventRounds "10"]
[EventCountry "ESP"]
[SourceTitle "Ajedrez en Madrid"]
[Source "lmi"]
[SourceDate "2014.11.28"]

1. e4 e6 2. d3 c5 3. Nf3 Nc6 4. g3 g6 5. Bg2 Bg7 6. O-O Nge7 7. Re1 O-O 8. c3
d5 9. e5 d4 10. c4 Qc7 11. Bf4 a5 12. Nbd2 f5 13. exf6 e5 14. fxg7 Rxf4 15.
gxf4 exf4 16. Ne4 b6 17. Qe2 Bg4 1-0